LEADER 01048nam a2200265 u 4500 001 000000082985 003 CaOOAMICUS 005 20070226123924.0 008 050426s1959 it u000 u ita u 035 $a11042513 040 $aPUL(R)$bita 041 1 $aita$heng 100 1 $aDulles, Avery Robert,$cS.I.,$d1918-2008.$0(OLS)http://pul/name/26589 240 10$aTestimonial to grace.$lItaliano.$0(OLS)http://pul/title/108304 245 10$aHo scelto la verità /$cP. Avery Dulles. 260 $aMilano :$bMassimo,$c1959. 300 $a158 p. ;$c19 cm 490 1 $aIl nostro tempo ;$v7 650 4$aFilosofia e religione.$0(OLS)http://pul/subject/2646 830 3$aIl nostro tempo (Massimo) ;$v7.$0(OLS)http://pul/title/35097 850 $aPUL 852 $aPUL$W1$xDP1 Fondo Cecchetti$y53$m261 F 29$j105644$nBK-PRI$b $qFondi$B105644$CPULBib$Z2$F105644 $HPUL8805 $81 941 1 $a1 996 $6245$aHo scelto la verità$9(OLS)http://pul/title/108305 996 $6260$aMilano :$bMassimo$9(OLS)http://pul/publisher/48143 LEADER 01342nam a2200301 a 4500 001 000000145757 003 CaOOAMICUS 005 20150915132202.0 008 150915s2005 it u000 u ita r 020 $a88-498-0992-1 040 $aPUL$bita 100 1 $aAntiseri, Dario,$d1940-$0(OLS)http://pul/name/1978 245 10$aCattolici a difesa del mercato /$cDario Antiseri ; a cura di Flavio Felice. 250 $aNuova ed. 260 $aSoveria Mannelli :$bRubbettino,$c2005. 300 $a777 p. ;$c21 cm 490 1 $aLa politica. Metodi, storie, teorie ;$v71 650 4$aEconomia e religione.$0(OLS)http://pul/subject/19411 700 1 $aFelice, Flavio,$d1969-$0(OLS)http://pul/name/42078 830 3$aLa politica.$pMetodi, storie, teorie ;$v71.$0(OLS)http://pul/title/75083 850 $aPUL 852 $aPUL$W1$xDP1 Fondo S. Lanza$y121$m4 A 23$j115087$qFondi$B169235$CPULBib$Z2$F169235 $HLan2012 $82 852 $aPUL$W1$xSL Religione 3$y85$m261. 8 ANTDA 1$j199177$qDDC 21$B203829$CPULBib$Z2$F203829 $H135290 $82 941 1 $a1 996 $6020$a88-498-0992-1$9(OLS)http://pul/number/158612 996 $6245$aCattolici a difesa del mercato$9(OLS)http://pul/title/82572 996 $6260$aSoveria Mannelli :$bRubbettino$9(OLS)http://pul/publisher/51639